Statistiques concernant Les 20 joueurs les plus décisifs en premier league.

Cliquez ici pour prendre le quiz!

Statistiques générales

  • Ce quiz a été pris 157 fois
  • Le résultat moyen est 16 sur 20

Statistiques - réponses

G+AJoueursClubsNationalité% Correct
259Harry KaneTottenhamAngleterre
99%
198Mohamed SalahChelsea
Liverpool
Egypte
99%
231Sergio AgueroMan CityArgentine
97%
249Thierry HenryArsenalFrance
97%
166Kevin De BruyneChelsea
Man City
Belgique
96%
311Wayne RooneyEverton
Man United
Angleterre
96%
159Didier DrogbaChelseaCote d'ivoire
95%
155Heung-Min SonTottenhamCoree du sud
93%
180Jamie VardyLeicesterAngleterre
91%
197Robin Van PersieArsenal
Man United
Pays-Bas
90%
156Romelu LukakuChelsea
West Brom
Everton
Man United
Belgique
88%
159Ryan GiggsMan UnitedPays de Galles
86%
215Steven GerrardLiverpoolAngleterre
83%
272Frank LampardWest Ham
Chelsea
Man City
Angleterre
80%
174Raheem SterlingLiverpool
Man City
Chelsea
Angleterre
80%
153David SilvaMan CityEspagne
75%
161Cesc FabregasArsenal
Chelsea
Espagne
62%
163Robbie KeaneLeeds
Tottenham
Liverpool
West Ham
Aston Villa
Irlande
57%
166Peter CrouchAston Villa
Southampton
Liverpool
Portsmouth
Tottenham
Stoke
Burnley
Angleterre
36%
195Jermain DefoeWest Ham
Tottenham
Portsmouth
Sunderland
Bournemouth
Angleterre
28%

Distribution des résultats

Percentile par nombre de réponses

% des personnes avec chaque résultat

Votre développement - résultats

Vous n’avez pas pris ce quiz